Normal view
MARC view
- Abgrall, Patrick
Entry Personal Name
001 - CONTROL NUMBER
- control field: 82904
003 - CONTROL NUMBER IDENTIFIER
- control field: NUST
005 - DATE AND TIME OF LATEST TRANSACTION
- control field: 20211001112805.0
008 - FIXED-LENGTH DATA ELEMENTS
- fixed length control field: 211001|| aca||aabn | a|a d
040 ## - CATALOGING SOURCE
- Original cataloging agency: NUST
- Transcribing agency: NUST
100 ## - HEADING--PERSONAL NAME
- Personal name: Abgrall, Patrick
670 ## - SOURCE DATA FOUND
- Source citation: Work cat.: (NUST)32523: Abgrall, Patrick., Nanofluidics /, c2009.
